[Event "ICS rated standard match"]
[Site "204.178.125.65"]
[Date "2000.04.06"]
[Round "?"]
[White "triskelon"]
[Black "Hossa"]
[Result "1-0"]
[WhiteElo "2516"]
[BlackElo "2285"]
[PlyCount "116"]

1. e4 e5 2. Nf3 Nc6 3. Bb5 a6 4. Ba4 Nf6 5. O-O Be7 6. Re1 b5 7. Bb3 d6 8. c3
O-O 9. h3 Bb7 10. d4 Re8 11. Nbd2 Bf8 12. a3 h6 13. Bc2 Nb8 14. b4 Nbd7 15. Bb2
g6 16. c4 exd4 17. cxb5 axb5 18. Nxd4 c6 19. a4 bxa4 20. Bxa4 Ra6 21. Qc2 c5
22. N4b3 Re6 23. Bxd7 Qxd7 24. Rxa6 Bxa6 25. Ra1 Bb7 26. bxc5 dxc5 27. Qc3 Qb5
28. Ra7 Bc6 29. Na5 Qe2 30. Nxc6 Rxc6 31. f3 Rd6 32. Qc4 Qe3+ 33. Kf1 Nd7 34.
Qc3 Qxc3 35. Bxc3 Nb6 36. Ke2 Bg7 37. Bxg7 Kxg7 38. Rc7 Na4 39. Nc4 Re6 40. Kd3
g5 41. Rb7 h5 42. e5 Kg6 43. g3 Kg7 44. f4 gxf4 45. gxf4 Rg6 46. Nd6 Rg3+ 47.
Kc4 Kg8 48. Rxf7 Rxh3 49. e6 Nb2+ 50. Kxc5 Rc3+ 51. Kb4 Re3 52. e7 Nd3+ 53. Kc4
Nxf4 54. Kd4 Re6 55. Rf8+ Kh7 56. e8=Q Rxe8 57. Rxe8 h4 58. Ke5 Ng6+ 1-0

[Event "ICS rated standard match"]
[Site "204.178.125.65"]
[Date "2000.04.07"]
[Round "?"]
[White "Hossa"]
[Black "Benway"]
[Result "1-0"]
[WhiteElo "2278"]
[BlackElo "2123"]
[PlyCount "51"]

1. e4 e6 2. d4 d5 3. Nc3 Bb4 4. e5 c5 5. a3 cxd4 6. axb4 dxc3 7. Qg4 Ne7 8.
Qxg7 Rg8 9. Qxh7 Qc7 10. Ne2 Qxe5 11. bxc3 Bd7 12. Bf4 Qf6 13. Bxb8 Rxb8 14.
Rxa7 Bb5 15. Qh3 Rc8 16. Rxb7 Bxe2 17. Bxe2 Rxc3 18. Bd3 Rxd3 19. Qxd3 Qa1+ 20.
Ke2 Qxh1 21. Qb5+ Kf8 22. Qc5 Qxh2 23. Qxe7+ Kg7 24. Qxf7+ Kh8 25. Qf6+ Rg7 26.
Qxg7# 1-0

[Event "ICS rated standard match"]
[Site "204.178.125.65"]
[Date "2000.04.07"]
[Round "?"]
[White "Benway"]
[Black "Hossa"]
[Result "0-1"]
[WhiteElo "2086"]
[BlackElo "2280"]
[PlyCount "38"]

1. d4 d5 2. c4 c6 3. Nc3 Nf6 4. Bg5 dxc4 5. e4 b5 6. a4 b4 7. e5 bxc3 8. exf6
cxb2 9. fxe7 Bxe7 10. Ra3 Bxg5 11. Nf3 Qa5+ 12. Ke2 Qb4 13. Rb3 Qxb3 14. Qb1
Qd3+ 15. Qxd3 cxd3+ 16. Kxd3 b1=Q+ 17. Kc4 Qc2+ 18. Kb4 Be7+ 19. Ka5 Qc3# 0-1

[Event "ICS Rated blitz match"]
[Site "204.178.125.65"]
[Date "2000.04.07"]
[Round "?"]
[White "Hossa"]
[Black "PostModernist"]
[Result "1/2-1/2"]
[WhiteElo "2403"]
[BlackElo "2556"]
[PlyCount "159"]
[EventDate "2000.??.??"]

1. e4 c6 2. d4 Na6 3. h4 Nc7 4. Nf3 d5 5. exd5 Nxd5 6. c4 Nb6 7. Be3 Bg4 8. Nc3
e6 9. a4 Be7 10. a5 Nd7 11. a6 bxa6 12. Be2 Nh6 13. Bxh6 gxh6 14. Rxa6 Nb8 15.
Ra4 Nd7 16. Ne5 Nxe5 17. Bxg4 Nxg4 18. Qxg4 Qb6 19. Qe4 Rd8 20. c5 Qxb2 21.
Qxc6+ Kf8 22. Nd1 Qc2 23. O-O Bxh4 24. Rxa7 Qg6 25. Rd7 Kg7 26. Ne3 Rxd7 27.
Qxd7 Rd8 28. Qa4 Qe4 29. Nc2 e5 30. c6 Rc8 31. Re1 Qxc6 32. Qxc6 Rxc6 33. Ne3
Bf6 34. d5 Rc3 35. Ra1 Bg5 36. Nf5+ Kg6 37. Ng3 Rd3 38. Ra6+ f6 39. Ra5 Rd1+
40. Kh2 Bf4 41. Kh3 Rd3 42. f3 Bxg3 43. Kxg3 e4 44. Kf2 exf3 45. gxf3 h5 46.
Ke2 Rb3 47. d6 Rb7 48. Rd5 Rd7 49. f4 f5 50. Kd3 h4 51. Kd4 Rd8 52. Kc5 Kh5 53.
Kc6 h3 54. Rd2 Rg8 55. d7 Kg4 56. Kd6 Kg3 57. Rd3+ Kh4 58. Rd1 h2 59. Kc7 Kg3
60. d8=Q Rxd8 61. Kxd8 Kxf4 62. Kd7 Kg4 63. Ke6 f4 64. Kd5 f3 65. Kd4 Kg3 66.
Ke3 h5 67. Rh1 Kg2 68. Rxh2+ Kxh2 69. Kxf3 h4 70. Kf2 h3 71. Kf1 Kg3 72. Kg1
Kg4 73. Kh2 Kh4 74. Kh1 Kh5 75. Kh2 Kg4 76. Kh1 Kh5 77. Kh2 Kg4 78. Kh1 Kf3 79.
Kh2 Kg4 80. Kh1 1/2-1/2

[Event "ICS rated standard match"]
[Site "204.178.125.65"]
[Date "2000.04.07"]
[Round "?"]
[White "Hossa"]
[Black "chuda"]
[Result "1/2-1/2"]
[WhiteElo "2282"]
[BlackElo "1993"]
[PlyCount "119"]

1. e4 d5 2. exd5 Nf6 3. d4 Bg4 4. Be2 Bxe2 5. Qxe2 Qxd5 6. Nf3 Nc6 7. c4 Qf5 8.
O-O O-O-O 9. d5 Nb4 10. Be3 Nc2 11. Nd4 Nxd4 12. Bxd4 e6 13. Nc3 exd5 14. Bxf6
Qxf6 15. cxd5 Bc5 16. Rac1 Bb6 17. Rfe1 Rhe8 18. Qc2 Kb8 19. Rcd1 Qf4 20. Re2
Bd4 21. Nb5 Rxe2 22. Qxe2 c5 23. Nxd4 cxd4 24. g3 Qf5 25. Rxd4 Rxd5 26. Qd1
Rxd4 27. Qxd4 g6 28. b3 b6 29. h4 h5 30. Kg2 Qe6 31. Qh8+ Kb7 32. Kh2 Qd5 33.
Qe8 a5 34. Qe7+ Ka6 35. Qe2+ b5 36. Qe7 b4 37. Qc7 Kb5 38. Qb8+ Kc6 39. Qa8+
Kd6 40. Qe8 Kc7 41. Kg1 Kb6 42. Qb8+ Kc6 43. Qa8+ Kd6 44. Qe8 Kc7 45. Kh2 Kb6
46. Qe3+ Kb5 47. Qa7 f5 48. Qb8+ Kc5 49. Qf8+ Qd6 50. Qc8+ Kb6 51. Qe8 f4 52.
Qe4 fxg3+ 53. fxg3 Qc6 54. Qe3+ Ka6 55. Qd3+ Kb6 56. Qd4+ Ka6 57. Qd3+ Kb6 58.
Qd4+ Ka6 59. Qd3+ Kb6 60. Qd4+ 1/2-1/2

[Event "ICS rated standard match"]
[Site "204.178.125.65"]
[Date "2000.04.07"]
[Round "?"]
[White "chuda"]
[Black "Hossa"]
[Result "0-1"]
[WhiteElo "2004"]
[BlackElo "2271"]
[PlyCount "46"]

1. e4 e5 2. Nf3 Nc6 3. Bb5 a6 4. Ba4 Nf6 5. O-O Be7 6. Re1 b5 7. Bb3 O-O 8. c3
d5 9. exd5 Nxd5 10. Nxe5 Nxe5 11. Rxe5 c6 12. d4 Bd6 13. Re1 Qh4 14. g3 Qh3 15.
Re4 g5 16. Qf3 Bf5 17. Bxd5 cxd5 18. Re3 Be4 19. Rxe4 dxe4 20. Qf6 Qg4 21.
Qxg5+ Qxg5 22. Bxg5 Kg7 23. Nd2 f5 0-1

[Event "ICS rated standard match"]
[Site "204.178.125.65"]
[Date "2000.04.07"]
[Round "?"]
[White "Hossa"]
[Black "chuda"]
[Result "1-0"]
[WhiteElo "2277"]
[BlackElo "1998"]
[PlyCount "35"]

1. e4 d5 2. exd5 Nf6 3. d4 Bg4 4. Be2 Bxe2 5. Qxe2 Qxd5 6. Nf3 Nc6 7. c4 Qf5 8.
O-O O-O-O 9. d5 Nb4 10. Na3 e6 11. dxe6 fxe6 12. Ng5 Re8 13. Nb5 Kb8 14. Nd4
Qd3 15. Qxd3 Nxd3 16. Rd1 Nc5 17. Ndxe6 Nxe6 18. Nxe6 1-0

[Event "ICS rated standard match"]
[Site "204.178.125.65"]
[Date "2000.04.07"]
[Round "?"]
[White "chuda"]
[Black "Hossa"]
[Result "0-1"]
[WhiteElo "1993"]
[BlackElo "2282"]
[PlyCount "39"]

1. e4 e5 2. Nf3 Nc6 3. Bb5 a6 4. Ba4 Nf6 5. O-O Be7 6. Re1 b5 7. Bb3 d6 8. c3
O-O 9. h3 Bb7 10. d4 Re8 11. Nbd2 Bf8 12. Bc2 g6 13. b3 b4 14. d5 bxc3 15. dxc6
cxd2 16. Bxd2 Bxc6 17. Bg5 Bg7 18. b4 Qb8 19. a3 Qb7 20. Bxf6 0-1

[Event "ICS rated blitz match"]
[Site "204.178.125.65"]
[Date "2000.04.07"]
[Round "?"]
[White "Hossa"]
[Black "Magoman"]
[Result "1-0"]
[WhiteElo "2410"]
[BlackElo "2200"]
[PlyCount "115"]

1. d4 Nf6 2. c4 g6 3. Nc3 Bg7 4. e4 O-O 5. Nf3 d6 6. Be2 e5 7. dxe5 dxe5 8.
Qxd8 Rxd8 9. Bg5 Re8 10. Bxf6 Bxf6 11. Nd5 Bd8 12. O-O-O c6 13. Nb4 Bg4 14. Kb1
Nd7 15. h3 Bxf3 16. Bxf3 Nc5 17. Nd3 Nxd3 18. Rxd3 Bb6 19. Rd7 Bxf2 20. Rxb7
Rab8 21. Rxb8 Rxb8 22. Rd1 Bd4 23. Rd2 a5 24. Bg4 a4 25. Bd7 a3 26. Bxc6 axb2
27. g4 Kg7 28. h4 h5 29. gxh5 gxh5 30. Rg2+ Kf6 31. Rg5 Rb6 32. Rxh5 Ke7 33.
Bd5 Ra6 34. Rf5 Ra3 35. Rxf7+ Kd6 36. Rf6+ Ke7 37. Re6+ Kd8 38. Rd6+ Ke7 39.
Rg6 Rh3 40. Rg7+ Kd6 41. Rb7 Rh1+ 42. Kc2 Rc1+ 43. Kd3 b1=Q+ 44. Rxb1 Rxb1 45.
Kc2 Rh1 46. a4 Rxh4 47. Kb3 Kc5 48. Kc2 Kb4 49. Bc6 Kxc4 50. Bb5+ Kb4 51. Bc6
Rh2+ 52. Kd3 Rh3+ 53. Kd2 Bc3+ 54. Ke2 Kc4 55. Bd7 Kd4 56. Bxh3 Kxe4 57. a5 Kd4
58. a6 1-0

[Event "ICS Rated standard match"]
[Site "204.178.125.65"]
[Date "2000.04.08"]
[Round "?"]
[White "MineQL"]
[Black "Hossa"]
[Result "0-1"]
[WhiteElo "2019"]
[BlackElo "2287"]
[PlyCount "42"]

1. e4 e5 2. f4 exf4 3. Nf3 d6 4. Bc4 Be6 5. Bxe6 fxe6 6. d4 Qf6 7. Nc3 Na6 8.
O-O O-O-O 9. Nb5 Kb8 10. e5 Qh6 11. h4 Be7 12. Ng5 Bxg5 13. hxg5 Qxg5 14. Bxf4
Qe7 15. c4 dxe5 16. Bxe5 Nf6 17. Qe2 Nd7 18. Bg3 Rhf8 19. Rae1 Rde8 20. Rxf8
Qxf8 21. a4 Qf7 0-1

[Event "ICS rated standard match"]
[Site "204.178.125.65"]
[Date "2000.04.08"]
[Round "?"]
[White "Hossa"]
[Black "MineQL"]
[Result "0-1"]
[WhiteElo "2293"]
[BlackElo "2013"]
[PlyCount "98"]

1. e4 e5 2. Nf3 Nc6 3. Nc3 Nf6 4. Nxe5 Nxe5 5. d4 Ng6 6. e5 Ng8 7. Bc4 d6 8.
Qf3 Qd7 9. O-O dxe5 10. dxe5 Nxe5 11. Re1 Bd6 12. Bf4 f6 13. Bb5 c6 14. Rad1
Qe6 15. Qg3 Kf8 16. Bxe5 Bxe5 17. f4 cxb5 18. fxe5 Qb6+ 19. Re3 Ne7 20. exf6
gxf6 21. Rd6 Nf5 22. Rxb6 Nxg3 23. Rxf6+ Kg7 24. Ref3 Nh5 25. Rf7+ Kg6 26. Nxb5
Be6 27. Rxb7 Bd5 28. Rxa7 Bxf3 29. gxf3 Rxa7 30. Nxa7 Ra8 31. Nc6 Rxa2 32. Ne5+
Kf5 33. Nc4 Nf4 34. Kf2 Nd5 35. Kg3 Ra6 36. Kf2 Kf4 37. h3 Rc6 38. b3 Nb4 39.
c3 Nd3+ 40. Ke2 Nc1+ 41. Kf2 Re6 42. Kf1 Nd3 43. Kg1 Kg3 44. Nd2 Re1+ 45. Nf1+
Kxh3 46. b4 Re2 47. Nd2 Rxd2 48. Kf1 Kh2 49. c4 Rf2# 0-1

[Event "ICS rated standard match"]
[Site "204.178.125.65"]
[Date "2000.04.08"]
[Round "?"]
[White "Hossa"]
[Black "manuelconj"]
[Result "1-0"]
[WhiteElo "2266"]
[BlackElo "1959"]
[PlyCount "81"]

1. e4 d6 2. d4 Nf6 3. Nc3 g6 4. f4 Bg7 5. Nf3 c5 6. Bb5+ Bd7 7. e5 Ng4 8. e6
Bxb5 9. exf7+ Kf8 10. Nxb5 Qa5+ 11. Nc3 cxd4 12. Nxd4 Bxd4 13. Qxd4 Nf6 14. Qc4
Nc6 15. Bd2 Qc5 16. Qxc5 dxc5 17. Be3 b6 18. O-O-O Kxf7 19. Bf2 Rad8 20. Bh4
Rxd1+ 21. Rxd1 Rd8 22. Rxd8 Nxd8 23. Bxf6 exf6 24. Nd5 Ne6 25. Kd2 h5 26. c3 g5
27. g3 gxf4 28. gxf4 Kg6 29. Ke3 h4 30. Kf3 f5 31. Ne7+ Kf6 32. Nc8 c4 33. Nxa7
Nc5 34. Nc8 Na4 35. b3 Nxc3 36. Nxb6 Nxa2 37. Nd5+ Ke6 38. bxc4 Nc1 39. h3 Nd3
40. Ne3 Ne1+ 41. Ke2 1-0

[Event "ICS rated standard match"]
[Site "204.178.125.65"]
[Date "2000.04.08"]
[Round "?"]
[White "manuelconj"]
[Black "Hossa"]
[Result "1-0"]
[WhiteElo "1966"]
[BlackElo "2271"]
[PlyCount "149"]

1. e4 e5 2. Nf3 Nc6 3. Bb5 a6 4. Ba4 Nf6 5. O-O Be7 6. d3 b5 7. Bb3 O-O 8. c3
d5 9. Qe2 dxe4 10. dxe4 Bg4 11. Bg5 Qc8 12. Nbd2 Rd8 13. Rfd1 Rb8 14. a3 Bh5
15. Nf1 a5 16. Ng3 Bg4 17. h3 Bxf3 18. Qxf3 a4 19. Ba2 Rxd1+ 20. Rxd1 Qe8 21.
Nf5 Rd8 22. Rxd8 Qxd8 23. Nxe7+ Qxe7 24. Bxf6 Qxf6 25. Qxf6 gxf6 26. Bb1 Na5
27. Bd3 c6 28. Kf1 Nb7 29. f3 Nc5 30. Ke2 Ne6 31. g3 Ng5 32. h4 Ne6 33. c4 Nd4+
34. Ke3 Kg7 35. cxb5 cxb5 36. Be2 Kf8 37. Bd1 Kg8 38. Kd3 Kg7 39. Kc3 f5 40.
exf5 Nxf5 41. g4 Nd4 42. Kb4 Kf6 43. Kc5 Ke6 44. f4 f6 45. g5 fxg5 46. hxg5 Kf5
47. fxe5 Kxe5 48. Bh5 Nf5 49. Kxb5 Kf4 50. g6 h6 51. Kxa4 Kg5 52. Bf3 Kxg6 53.
b4 Nd4 54. Bh1 Kf5 55. b5 Ke5 56. b6 Kd6 57. Ka5 Nb3+ 58. Ka6 h5 59. Ka7 Na5
60. b7 Nxb7 61. Kxb7 Kc5 62. Ka6 h4 63. a4 h3 64. a5 Kd6 65. Kb7 Ke5 66. a6 Kf5
67. a7 Kf4 68. a8=Q Kg3 69. Kc7 Kg4 70. Qf3+ Kh4 71. Kd6 h2 72. Ke5 Kg5 73.
Qg3+ Kh5 74. Kf5 Kh6 75. Qg6# 1-0

[Event "ICS rated standard match"]
[Site "204.178.125.65"]
[Date "2000.04.08"]
[Round "?"]
[White "Hossa"]
[Black "manuelconj"]
[Result "1-0"]
[WhiteElo "2244"]
[BlackElo "1989"]
[PlyCount "39"]

1. e4 e5 2. Nf3 Nf6 3. Nxe5 Nxe4 4. Qe2 d5 5. d3 Qe7 6. dxe4 Qxe5 7. exd5 Bd6
8. Qxe5+ Bxe5 9. Bd3 O-O 10. O-O Nd7 11. Re1 Bf6 12. Na3 a6 13. Nc4 Nc5 14. Bf1
Bf5 15. Bf4 Rfd8 16. Bxc7 Rxd5 17. Nb6 Rdd8 18. c3 Ne4 19. Nxa8 Rxa8 20. Bd3
1-0

[Event "ICS rated standard match"]
[Site "204.178.125.65"]
[Date "2000.04.08"]
[Round "?"]
[White "manuelconj"]
[Black "Hossa"]
[Result "1-0"]
[WhiteElo "1983"]
[BlackElo "2250"]
[PlyCount "99"]

1. e4 e5 2. Nf3 Nc6 3. Bb5 a6 4. Ba4 Nf6 5. d3 d6 6. c3 b5 7. Bc2 Be7 8. Nbd2
O-O 9. Nf1 b4 10. Ng3 bxc3 11. bxc3 Rb8 12. O-O Bg4 13. h3 Be6 14. d4 Bc4 15.
Re1 exd4 16. cxd4 d5 17. Ne5 Nxe5 18. dxe5 Nxe4 19. Nxe4 dxe4 20. Bxe4 Bb4 21.
Bxh7+ Kxh7 22. Qh5+ Kg8 23. Re4 g6 24. Qh6 Qd1+ 25. Kh2 Be2 26. Bg5 Bd2 27.
Rxd1 Bxg5 28. Qxg5 Bxd1 29. e6 Bh5 30. e7 Rfe8 31. g4 Bxg4 32. Qxg4 c5 33. Qd7
Kg7 34. Rc4 f5 35. Rxc5 Ra8 36. Rc6 Kh6 37. Qe6 Rg8 38. Rxa6 Rae8 39. Rd6 Kh5
40. a4 Rg7 41. Rd7 Rh7 42. a5 Kg5 43. a6 Kh5 44. a7 Rhh8 45. Qf6 Rc8 46. h4 Kg4
47. Qg5+ Kf3 48. Rd3+ Kxf2 49. Qe3+ Kf1 50. Rd1# 1-0

[Event "ICS rated blitz match"]
[Site "204.178.125.65"]
[Date "2000.04.08"]
[Round "?"]
[White "Hossa"]
[Black "GAMBIT123"]
[Result "1/2-1/2"]
[WhiteElo "2413"]
[BlackElo "2091"]
[PlyCount "273"]

1. e4 e6 2. d4 a6 3. Nf3 c5 4. d5 d6 5. Nc3 e5 6. Bd3 g6 7. O-O f6 8. Be3 Nh6
9. Qc1 Nf7 10. a4 b6 11. Nd2 Nd7 12. Re1 Bg7 13. Be2 O-O 14. a5 b5 15. Bg4 Nb8
16. Be6 Re8 17. Bxf7+ Kxf7 18. b3 Kg8 19. Nf1 Rf8 20. Bh6 Nd7 21. Bxg7 Kxg7 22.
Ng3 Qe7 23. Qd2 Re8 24. Reb1 Kh8 25. b4 c4 26. Qh6 Qg7 27. Qe3 Nf8 28. Rf1 Qa7
29. Qh6 Qg7 30. Qxg7+ Kxg7 31. Rfe1 h5 32. Nf1 h4 33. h3 g5 34. Ne3 Ng6 35. Ra3
Bd7 36. Kf1 Nf4 37. Rd1 Ng6 38. Kg1 Nf4 39. Rb1 Ng6 40. Ne2 Nf4 41. Kf1 Nxe2
42. Kxe2 Rg8 43. Re1 Kf7 44. Kd2 Ke7 45. Kc1 Raf8 46. Rc3 Rh8 47. Nf1 Rhg8 48.
Nh2 Rh8 49. Nf3 Rhg8 50. Ra3 Rh8 51. Kb2 Rfg8 52. Rg1 Rf8 53. Rc1 Rfg8 54. Nh2
Rf8 55. Re3 Rfg8 56. Rb1 Rf8 57. Nf3 Rfg8 58. Rh1 Rf8 59. Rc3 Rfg8 60. Nh2 Rf8
61. Re1 Rfg8 62. Kb1 Rf8 63. Nf3 Rfg8 64. Rg1 Rf8 65. Rc1 Rfg8 66. Nh2 Rf8 67.
Kb2 Rfg8 68. Ra1 Rf8 69. Nf3 Rfg8 70. Nd2 Rf8 71. Re3 Rfg8 72. Rh1 Rf8 73. Rc1
Rfg8 74. Ree1 Rf8 75. Ra1 Rfg8 76. Rec1 Rf8 77. Rh1 Rfg8 78. Nf3 Rf8 79. Rhe1
Rfg8 80. Rg1 Rf8 81. Rae1 Rfg8 82. Rb1 Rf8 83. Rh1 Rfg8 84. Rbe1 Rg7 85. Rc1
Rgg8 86. Rhg1 Rf8 87. Rgf1 Rfg8 88. Rce1 f5 89. exf5 Bxf5 90. Nd4 Bd7 91. Re4
Rf8 92. Re3 Kd8 93. Nf3 Rhg8 94. Rh1 Rf4 95. Ra1 Rff8 96. Raa3 Rf7 97. Re4 Rff8
98. Re2 Rf7 99. Nd2 Rff8 100. Ne4 Ke7 101. Rae3 Bf5 102. Kb1 Bxe4 103. Rxe4 Rf4
104. Kb2 Rgf8 105. f3 Rxe4 106. Rxe4 Rf4 107. Kc3 Rxe4 108. fxe4 Kf6 109. Kd2
g4 110. c3 Kg5 111. Ke3 Kh5 112. Kf2 Kg5 113. Ke3 Kh5 114. Kf2 Kg5 115. Ke3 Kh5
116. Kf2 Kg5 117. Ke3 Kh5 118. Kf2 Kg5 119. Ke3 Kh5 120. Kf2 Kg5 121. Ke3 g3
122. Kf3 Kh5 123. Ke3 Kg5 124. Kf3 Kh5 125. Ke3 Kg5 126. Kf3 Kh5 127. Ke3 Kg5
128. Kf3 Kh5 129. Ke3 Kg5 130. Kf3 Kh5 131. Ke3 Kg5 132. Kf3 Kh5 133. Ke3 Kg5
134. Kf3 Kh5 135. Ke3 Kg5 136. Kf3 Kh5 137. Ke3 1/2-1/2

[Event "ICS rated standard match"]
[Site "204.178.125.65"]
[Date "2000.04.08"]
[Round "?"]
[White "Hossa"]
[Black "gasparetto"]
[Result "1-0"]
[WhiteElo "2224"]
[BlackElo "1956"]
[PlyCount "75"]

1. e4 c5 2. Nf3 d6 3. d4 cxd4 4. Nxd4 Nf6 5. Nc3 a6 6. Be2 e5 7. Nb3 Be7 8. O-O
O-O 9. Be3 Be6 10. Qd2 Nbd7 11. a4 Nb6 12. a5 Nc4 13. Bxc4 Bxc4 14. Rfd1 h6 15.
Nc1 Rc8 16. Nd3 Be6 17. Bb6 Qe8 18. f3 Nd7 19. Nb4 Nxb6 20. axb6 f5 21. exf5
Rxf5 22. Ncd5 Bf8 23. Nc7 Qg6 24. Qd3 Rg5 25. Nxe6 Qxe6 26. Nd5 Kh8 27. Rd2 Qg6
28. Qe2 Qe6 29. Qe4 Rc6 30. c4 Qg6 31. Rf1 Qxe4 32. fxe4 Kg8 33. Rdf2 Rxc4 34.
Rxf8+ Kh7 35. R8f7 Kg6 36. Rxb7 Rxe4 37. Re7 Re2 38. Nf4+ 1-0

[Event "ICS rated standard match"]
[Site "204.178.125.65"]
[Date "2000.04.08"]
[Round "?"]
[White "Kasparoviano"]
[Black "Hossa"]
[Result "0-1"]
[WhiteElo "2126"]
[BlackElo "2227"]
[PlyCount "21"]

1. e4 e5 2. Nf3 Nc6 3. Bc4 Bc5 4. b4 Bxb4 5. c3 Ba5 6. d4 d6 7. dxe5 dxe5 8.
Qxd8+ Nxd8 9. Nxe5 Be6 10. O-O Nf6 11. Bg5 0-1

[Event "ICS rated standard match"]
[Site "204.178.125.65"]
[Date "2000.04.08"]
[Round "?"]
[White "Hossa"]
[Black "Caterpie"]
[Result "1-0"]
[WhiteElo "2228"]
[BlackElo "1967"]
[PlyCount "35"]

1. e4 c5 2. Nf3 d6 3. d4 cxd4 4. Nxd4 Nf6 5. Nc3 a6 6. Bg5 e6 7. f4 b5 8. e5
dxe5 9. fxe5 Qc7 10. exf6 Qe5+ 11. Be2 Qxg5 12. Qd3 Bb7 13. Bf3 Ra7 14. Bxb7
Rxb7 15. Ne4 Qxg2 16. O-O-O g6 17. Rdg1 Bh6+ 18. Kb1 1-0

[Event "ICS rated blitz match"]
[Site "204.178.125.65"]
[Date "2000.04.08"]
[Round "?"]
[White "Compuchuk"]
[Black "Hossa"]
[Result "1-0"]
[WhiteElo "2651"]
[BlackElo "2401"]
[PlyCount "161"]

1. e4 e5 2. Nf3 Nc6 3. Bb5 a6 4. Ba4 Nf6 5. O-O Be7 6. Re1 b5 7. Bb3 O-O 8. c3
d5 9. exd5 Nxd5 10. Nxe5 Nxe5 11. Rxe5 c6 12. d4 Bd6 13. Re2 Qh4 14. g3 Qh3 15.
Nd2 Bf5 16. a4 Bd3 17. Re1 Rae8 18. Nf3 Rxe1+ 19. Qxe1 h6 20. axb5 axb5 21. Qd1
Be4 22. Qe2 Nf6 23. Ra7 Qg4 24. Kg2 Nd5 25. h3 Qf5 26. Be3 Re8 27. Bd2 b4 28.
c4 Nf6 29. Be3 Bb8 30. Rb7 Bd3 31. Qd1 Qe4 32. Rxb4 Bd6 33. c5 Bc7 34. Rb7 Re7
35. Ra7 Kf8 36. Ba4 Bc4 37. Bc2 Qe6 38. b3 Bd5 39. Bc1 Qc8 40. Bf4 Bxf4 41.
Rxe7 Kxe7 42. gxf4 Kf8 43. Qe2 Nh5 44. Qe3 Qc7 45. f5 Nf4+ 46. Kf1 Nxh3 47. Be4
Bxe4 48. Qxe4 f6 49. Nh4 Ng5 50. Qe2 Qd7 51. f4 Nh7 52. d5 g5 53. fxg6 Qxd5 54.
Qf3 Qxc5 55. gxh7 Qc1+ 56. Kg2 Qc2+ 57. Qf2 Qe4+ 58. Kg3 Qxh7 59. Qc5+ Kf7 60.
Qa7+ Kg8 61. Qxh7+ Kxh7 62. Kg4 c5 63. Nf5 Kg6 64. Nxh6 Kh7 65. Kf5 Kg7 66. Ng4
Kf7 67. Nxf6 Ke7 68. Ne4 Kf7 69. Nxc5 Ke7 70. Ke5 Kf7 71. f5 Ke8 72. f6 Kf7 73.
b4 Kg6 74. b5 Kg5 75. b6 Kg4 76. f7 Kh5 77. f8=Q Kh4 78. Qg7 Kh3 79. Ne4 Kh4
80. Qg5+ Kh3 81. Qg3# 1-0

[Event "ICS rated standard match"]
[Site "204.178.125.65"]
[Date "2000.04.08"]
[Round "?"]
[White "kaktus"]
[Black "Hossa"]
[Result "0-1"]
[WhiteElo "1986"]
[BlackElo "2238"]
[PlyCount "122"]

1. e4 c5 2. f4 d5 3. exd5 Nf6 4. Nc3 Nxd5 5. Nxd5 Qxd5 6. Nf3 Nc6 7. Be2 g6 8.
O-O Bg7 9. d3 O-O 10. c3 Rd8 11. Qb3 Qxb3 12. axb3 Bg4 13. Be3 Rd5 14. Kf2 Rad8
15. Rad1 e6 16. h3 Bxf3 17. Kxf3 e5 18. g3 exf4 19. gxf4 h5 20. Bg1 Re8 21.
Rfe1 g5 22. Bf1 Rxe1 23. Rxe1 Rf5 24. Re8+ Kh7 25. Bh2 Kg6 26. d4 cxd4 27. Bd3
dxc3 28. Bxf5+ Kxf5 29. bxc3 g4+ 30. hxg4+ hxg4+ 31. Kg2 Bxc3 32. Rg8 f6 33.
Rh8 Nd4 34. Rh5+ Kg6 35. Rc5 Bd2 36. Rc7 b5 37. Rxa7 Nxb3 38. Rb7 Nd4 39. Rd7
Nf3 40. Bg3 b4 41. Rb7 Nd4 42. Bf2 Ne2 43. Bc5 Nxf4+ 44. Kg3 Nd3 45. Bd6 f5 46.
Rb6 Kf7 47. Bc7 Be3 48. Rb5 Bc5 49. Bf4 Kf6 50. Bd2 Ke6 51. Rb7 Ke5 52. Re7+
Bxe7 53. Bh6 f4+ 54. Kxg4 b3 55. Bg7+ Bf6 56. Bxf6+ Kxf6 57. Kf3 b2 58. Ke4
b1=Q 59. Kd4 Qb3 60. Ke4 Ne5 61. Kxf4 Qf3# 0-1

[Event "ICS rated standard match"]
[Site "204.178.125.65"]
[Date "2000.04.08"]
[Round "?"]
[White "MineQL"]
[Black "Hossa"]
[Result "0-1"]
[WhiteElo "2027"]
[BlackElo "2247"]
[PlyCount "106"]

1. d4 Nf6 2. c4 e6 3. Nf3 b6 4. g3 Ba6 5. b3 Bb4+ 6. Bd2 Be7 7. Bg2 c6 8. Bc3
d5 9. Ne5 Nfd7 10. Nxd7 Nxd7 11. Nd2 O-O 12. O-O Rc8 13. e4 b5 14. Re1 dxe4 15.
Bxe4 c5 16. Qc2 Bf6 17. dxc5 Bxc3 18. Qxc3 Nxc5 19. Rad1 Qc7 20. Bh1 Rfd8 21.
cxb5 Bxb5 22. Nf1 Rd3 23. Rxd3 Nxd3 24. Qxc7 Rxc7 25. Rd1 Rc1 26. Bf3 Rxd1 27.
Bxd1 Nb4 28. a3 Bxf1 29. Kxf1 Nd5 30. Ke2 Nc3+ 31. Ke1 Nb5 32. Kd2 e5 33. Kc1
Nd4 34. f3 f5 35. a4 g5 36. b4 h5 37. h3 Kg7 38. Kd2 h4 39. g4 fxg4 40. fxg4
Kf6 41. a5 Ke6 42. Kc3 Kd5 43. a6 Nb5+ 44. Kc2 Kd4 45. Bf3 Ke3 46. Bb7 e4 47.
Kc1 Kd3 48. Bc6 Nd4 49. Be8 e3 50. Bg6+ Ke2 51. Bf7 Kf2 52. Bc4 e2 53. Bxe2
Kxe2 0-1

[Event "ICS rated standard match"]
[Site "204.178.125.65"]
[Date "2000.04.08"]
[Round "?"]
[White "Hossa"]
[Black "MineQL"]
[Result "1-0"]
[WhiteElo "2254"]
[BlackElo "2020"]
[PlyCount "79"]

1. e4 e6 2. d4 d5 3. Nc3 Bb4 4. e5 c5 5. a3 Bxc3+ 6. bxc3 Ne7 7. a4 Qa5 8. Qd2
Nbc6 9. Nf3 Bd7 10. Be2 Rc8 11. O-O b5 12. Ba3 b4 13. cxb4 cxb4 14. Bb2 Nb8 15.
Ra2 O-O 16. Bd3 Nbc6 17. Raa1 Rb8 18. Ng5 Ng6 19. Qe3 Nce7 20. Ra2 h6 21. Nf3
f6 22. Rd1 Rbc8 23. Re1 Rcd8 24. Qd2 f5 25. Rb1 Rb8 26. Ba1 Rb6 27. Rb3 Nc6 28.
c3 Rb7 29. cxb4 Nxb4 30. Bc3 Nxa2 31. Bxa5 Rxb3 32. Ne1 Nf4 33. Qxf4 Nb4 34.
Bxb4 Rxb4 35. a5 Rc8 36. Qd2 Rbb8 37. a6 Rc7 38. h4 Kh8 39. Qf4 Rcc8 40. g4 1-0

[Event "ICS rated standard match"]
[Site "204.178.125.65"]
[Date "2000.04.08"]
[Round "?"]
[White "Caterpie"]
[Black "Hossa"]
[Result "0-1"]
[WhiteElo "1970"]
[BlackElo "2261"]
[PlyCount "32"]

1. d4 Nf6 2. c4 e6 3. Nf3 b6 4. Bg5 h6 5. Bxf6 gxf6 6. e3 Nc6 7. Nbd2 Bb7 8. a3
f5 9. g3 Bg7 10. b4 e5 11. dxe5 Nxe5 12. Ra2 a5 13. b5 Nxf3+ 14. Nxf3 d5 15.
Rg1 dxc4 16. Bxc4 Qxd1+ 0-1

[Event "ICS rated bullet match"]
[Site "204.178.125.65"]
[Date "2000.04.08"]
[Round "?"]
[White "PostModernist"]
[Black "Hossa"]
[Result "1-0"]
[WhiteElo "2556"]
[BlackElo "2372"]
[PlyCount "163"]
[EventDate "2000.??.??"]

1. d4 d5 2. Nf3 Nf6 3. e3 e6 4. Bd3 c5 5. c3 Nc6 6. Nbd2 Bd6 7. O-O O-O 8. h3
Bd7 9. dxc5 Bxc5 10. e4 Qc7 11. exd5 exd5 12. Nb3 Bd6 13. Nbd4 Nxd4 14. Nxd4
Rfe8 15. Qf3 Ne4 16. Be3 Rac8 17. Nb5 Bxb5 18. Bxb5 Re6 19. Qf5 Bh2+ 20. Kh1 a6
21. Bd3 Rd8 22. Rfe1 Rf6 23. Qh5 Bf4 24. Bd4 Rh6 25. Qf5 g6 26. Qg4 f5 27. Qf3
Rh4 28. a4 Be5 29. Be3 Re8 30. a5 Bf4 31. Bb6 Qg7 32. Rad1 Bc7 33. Bd4 Qd7 34.
Bc2 Rf4 35. Qd3 Rxf2 36. Kg1 Bg3 37. Rf1 Rxf1+ 38. Qxf1 Qc7 39. Qf3 Re6 40. Bb6
Qe5 41. Bb3 Rd6 42. Qd3 Bh2+ 43. Kh1 Kf8 44. Qd4 Qxd4 45. Rxd4 Bg3 46. Rxd5 Ke7
47. Bd4 Kd7 48. Kg1 h6 49. c4 Ke6 50. Bg7 Bf4 51. Bf8 Rd7 52. h4 Bd2 53. Rxd7
Be3+ 54. Kf1 Kxd7 55. Ke2 Bf4 56. Kd3 Ke8 57. Bb4 Bg3 58. c5 Bxh4 59. Bd5 Kd8
60. Bxb7 Bf6 61. b3 Bc3 62. Kc4 Kc7 63. Bxa6 Bxb4 64. Kxb4 Kc6 65. Bb5+ Kb7 66.
a6+ Ka7 67. Kc4 Nd2+ 68. Kc3 Ne4+ 69. Kd4 Nd2 70. b4 f4 71. Be2 f3 72. gxf3
Nxf3+ 73. Bxf3 Kxa6 74. Kd5 Kb7 75. Kd6+ Ka6 76. Be2+ Kb7 77. c6+ Ka7 78. c7
Kb7 79. Ba6+ Kxa6 80. Kc6 Ka7 81. c8=Q g5 82. Qb7# 1-0

[Event "ICS rated blitz match"]
[Site "204.178.125.65"]
[Date "2000.04.08"]
[Round "?"]
[White "Hossa"]
[Black "prg3"]
[Result "1-0"]
[WhiteElo "2395"]
[BlackElo "2092"]
[PlyCount "63"]

1. e4 e5 2. Nf3 Nc6 3. Nc3 Nf6 4. Nxe5 Nxe5 5. d4 Ng6 6. e5 Ng8 7. Bc4 Bb4 8.
Qf3 Qe7 9. O-O Bxc3 10. bxc3 Nh6 11. Re1 O-O 12. Bxh6 gxh6 13. Re3 d6 14. exd6
Qxd6 15. Rae1 c6 16. Re8 Be6 17. R1xe6 fxe6 18. Rxe6 Rxf3 19. Rxg6+ Kf8 20.
Rxd6 Rxc3 21. Bd3 Re8 22. h4 Ra3 23. Rxh6 Re7 24. Bxh7 Rxa2 25. Bf5 Ra1+ 26.
Kh2 Rf7 27. Rh8+ Ke7 28. g4 a5 29. Rb8 Kd6 30. c4 a4 31. c5+ Kc7 32. Rc8# 1-0